000
00308nam a22001337a 4500
008
190129b xxu||||| |||| 00| 0 eng d
020
_a
9780205404483
041
_a
eng
080
_a
316
100
_a
50
101
_a
SOC
245
_a
Experiencing Social Research A Reader
_c
Strand,K.J
942
_2
udc
_c
BK
999
_c
53857
_d
53857